| 000 | 00624nam a2200241Ia 4500 | ||
|---|---|---|---|
| 003 | OSt | ||
| 005 | 20221007095150.0 | ||
| 006 | a|||||r|||| 00| 0 | ||
| 007 | ta | ||
| 008 | 221006b |||||||| |||| 00| 0 eng d | ||
| 024 | _a981 | ||
| 037 | _cTextual | ||
| 040 |
_aLCO _cLCO _beng |
||
| 041 |
_2eng _aeng |
||
| 082 | _aROaZ, M4 | ||
| 100 | _aCHATURVEDI R.G | ||
| 245 | 0 | _aPhilosophy of law | |
| 260 |
_aJaipur _bInstitute for Research and Advanced Studies _c1984 |
||
| 300 | _a320 | ||
| 650 |
_aPHILOSOPHY OF LAW _9700875 |
||
| 942 |
_hROaZ, M4 _cTEXL |
||
| 999 |
_c1170544 _d1170544 |
||